00691nam a2200241 a 4500001001300000003000900013005001700022008004100039020000800080082001500088100002500103245003400128260003700162300000900199500003500208505001700243650002300260700002500283902000800308942000700316952011100323999001500434nice12345678IN_TiNIC20260116012050.0050524s1964 lona grp 000 0 eng  ac500a230.3bDIL aDilworth-Harrison, T aEvery Man`s Confirmation Book aLondonbHodder & Stoughtonc1964 a120p aincludes index and biblioraphy2 aBibliography aAnglican Communion1 aDilworth-Harrison, T bSRS cBK 001040708StackRoom-aHMIbHMId2008-04-18g5.00l0o230.3 DILp06578r2008-04-18v5.00w2005-05-24yBK c5498d5498